<?xml version="1.0" encoding="UTF-8"?>
<record
    xmlns:xsi="http://www.w3.org/2001/XMLSchema-instance"
    xsi:schemaLocation="http://www.loc.gov/MARC21/slim http://www.loc.gov/standards/marcxml/schema/MARC21slim.xsd"
    xmlns="http://www.loc.gov/MARC21/slim">

  <leader>01442nam a22003017a 4500</leader>
  <controlfield tag="001">8989</controlfield>
  <controlfield tag="003">FISKH</controlfield>
  <controlfield tag="005">20251113091652.0</controlfield>
  <controlfield tag="008">251113b        cb ||||| |||| 00| 0 eng d</controlfield>
  <datafield tag="020" ind1=" " ind2=" ">
    <subfield code="a">9789833721849</subfield>
  </datafield>
  <datafield tag="040" ind1=" " ind2=" ">
    <subfield code="a">FISKH</subfield>
    <subfield code="b">eng</subfield>
    <subfield code="c">FISKH</subfield>
    <subfield code="d">FISKH</subfield>
  </datafield>
  <datafield tag="082" ind1=" " ind2=" ">
    <subfield code="a">428.1</subfield>
  </datafield>
  <datafield tag="100" ind1=" " ind2=" ">
    <subfield code="a">Riche, Sarah </subfield>
  </datafield>
  <datafield tag="245" ind1=" " ind2=" ">
    <subfield code="a">Dad and mum / </subfield>
    <subfield code="c">Text : Sara Riche and Vic Esar ; Illustrations : Chong and Zeemy </subfield>
  </datafield>
  <datafield tag="260" ind1=" " ind2=" ">
    <subfield code="a">Kuala Lumpur : </subfield>
    <subfield code="b">Mind to mind, </subfield>
    <subfield code="c">2005.</subfield>
  </datafield>
  <datafield tag="300" ind1=" " ind2=" ">
    <subfield code="a">16 pages : </subfield>
    <subfield code="b">color illustrations ; </subfield>
    <subfield code="c">21 cm</subfield>
  </datafield>
  <datafield tag="490" ind1=" " ind2=" ">
    <subfield code="a">Key words with red series : </subfield>
    <subfield code="v">1 b</subfield>
  </datafield>
  <datafield tag="505" ind1=" " ind2=" ">
    <subfield code="a">aa
</subfield>
  </datafield>
  <datafield tag="520" ind1=" " ind2=" ">
    <subfield code="a">Dad and Mum: Key Words with Red Series 1B" could be a beginner-level children's book aimed at helping young readers recognize and understand basic vocabulary related to family members. The book likely uses simple words, colorful illustrations, and repetitive language patterns to introduce children to the key words associated with family life&#x2014;such as "Dad," "Mum," "Home," "Family," and other early terms. The "Red Series" may indicate a level within a reading program designed to teach foundational vocabulary, typically aimed at early literacy development.</subfield>
  </datafield>
  <datafield tag="521" ind1="8" ind2=" ">
    <subfield code="a">10
</subfield>
    <subfield code="b">Lexile estimate
</subfield>
  </datafield>
  <datafield tag="521" ind1="8" ind2=" ">
    <subfield code="a">aa
</subfield>
    <subfield code="b">Raz-Plus
</subfield>
  </datafield>
  <datafield tag="650" ind1=" " ind2=" ">
    <subfield code="a">Phonics readers - </subfield>
    <subfield code="v">Readers </subfield>
    <subfield code="x">Sound Works</subfield>
  </datafield>
  <datafield tag="700" ind1=" " ind2=" ">
    <subfield code="a">Esar, Vic </subfield>
    <subfield code="e">Author </subfield>
  </datafield>
  <datafield tag="700" ind1=" " ind2=" ">
    <subfield code="a">Chong </subfield>
    <subfield code="e">illustrator </subfield>
  </datafield>
  <datafield tag="700" ind1=" " ind2=" ">
    <subfield code="a">Zeemy</subfield>
    <subfield code="e"> illustrator </subfield>
  </datafield>
  <datafield tag="942" ind1=" " ind2=" ">
    <subfield code="2">ddc</subfield>
    <subfield code="c">BK</subfield>
    <subfield code="n">0</subfield>
  </datafield>
  <datafield tag="999" ind1=" " ind2=" ">
    <subfield code="c">8989</subfield>
    <subfield code="d">8989</subfield>
  </datafield>
  <datafield tag="952" ind1=" " ind2=" ">
    <subfield code="0">0</subfield>
    <subfield code="1">0</subfield>
    <subfield code="2">ddc</subfield>
    <subfield code="4">0</subfield>
    <subfield code="7">0</subfield>
    <subfield code="8">JUVF</subfield>
    <subfield code="a">002</subfield>
    <subfield code="b">002</subfield>
    <subfield code="c">TTP Dark Green</subfield>
    <subfield code="d">2025-11-13</subfield>
    <subfield code="l">0</subfield>
    <subfield code="o">RIC 428.1  </subfield>
    <subfield code="p">FIS01869</subfield>
    <subfield code="r">2025-11-13 09:16:50</subfield>
    <subfield code="t">1</subfield>
    <subfield code="w">2025-11-13</subfield>
    <subfield code="y">BK</subfield>
  </datafield>
</record>
